Velký slovník naučný. A-L, M-Z : Encyklopedie Diderot

Gespeichert in:
Bibliographische Detailangaben
Format: Buch
Sprache:Tschechisch
Veröffentlicht: Praha : DIDEROT, 1999
Schlagworte:
Tags: Tag hinzufügen
Keine Tags, Fügen Sie das erste Tag hinzu!

MARC

LEADER 00000nam a22000003a 4500
001 stu50992
005 20150408180112.9
008 991123s1999----xr------------------cze-d
020 |z 80-902723-1-2 
040 |a STU  |b slo 
041 0 |a cze 
044 |a xr 
080 |a 03  |7 stu_us_auth*stu8317 
245 |a Velký slovník naučný. A-L, M-Z :  |b Encyklopedie Diderot 
260 |a Praha :  |b DIDEROT,  |c 1999 
300 |a 2 zv 
650 7 |a encyklopédia  |2 stusub 
650 7 |a slovníky náučné  |2 stusub 
996 |b 284M023510  |c M*10635/1-1  |l MMST  |s P  |a 0  |w stu50992_0001 
996 |b 284M023511  |c M*10635/1-2  |l MMKN  |s A  |a 24  |w stu50992_0002 
996 |b 284M023508  |c M*10635/2-1  |l MMST  |s P  |a 0  |w stu50992_0003 
996 |b 284M023509  |c M*10635/2-2  |l MMKN  |s A  |a 24  |w stu50992_0004 
996 |b 284EK83042  |c E*83042  |l EE01  |s A  |a 24  |w stu50992_0005 
996 |b 284EK83041  |c E*83041  |l EE01  |s A  |a 24  |w stu50992_0006